Normal view
MARC view
Entry Personal Name
001 - CONTROL NUMBER
- control field: 66035
003 - CONTROL NUMBER IDENTIFIER
- control field: dpl
005 - DATE AND TIME OF LATEST TRANSACTION
- control field: 20240509144702.0
008 - FIXED-LENGTH DATA ELEMENTS
- fixed length control field: 240509|| aca||aabn | a|a d
040 ## - CATALOGING SOURCE
- Original cataloging agency: dpl
- Transcribing agency: dpl
100 ## - HEADING--PERSONAL NAME
- Personal name: Anand, Jernail S. [and] Bush, Leslie D
670 ## - SOURCE DATA FOUND
- Source citation: Work cat.: (dpl)202780: Anand, Jernail S. [and] Bush, Leslie D. , The Holy Twins:, 2024
